Phan Tứ toàn tập; T2
Zapisane w:
| Format: | Książka |
|---|---|
| Język: | Undetermined |
| Wydane: |
H.
Văn Học
2002
|
| Hasła przedmiotowe: | |
| Etykiety: |
Dodaj etykietę
Nie ma etykietki, Dołącz pierwszą etykiete!
|
| Thư viện lưu trữ: | Trung tâm Học liệu Trường Đại học Cần Thơ |
|---|
| LEADER | 00447nam a2200169Ia 4500 | ||
|---|---|---|---|
| 001 | CTU_54023 | ||
| 008 | 210402s9999 xx 000 0 und d | ||
| 082 | |a 895.9223008 | ||
| 082 | |b Ph105/T2 | ||
| 245 | 0 | |a Phan Tứ toàn tập; T2 | |
| 260 | |a H. | ||
| 260 | |b Văn Học | ||
| 260 | |c 2002 | ||
| 650 | |a vietnamese literature | ||
| 650 | |x collections | ||
| 650 | |y 20th century | ||
| 980 | |a Trung tâm Học liệu Trường Đại học Cần Thơ | ||